| Tag |
First Indicator |
Second Indicator |
Subfields |
| LEADER |
00000cgm a2200000Ma 4500 |
| 001 |
in00005533513 |
| 006 |
m o c |
| 007 |
cr |za|||||||a |
| 007 |
vz |zazu| |
| 008 |
140221s2005 gw 004 g o vlfre d |
| 005 |
20241201225337.0 |
| 035 |
|
|
|a (OCoLC)ocn877884311
|
| 040 |
|
|
|a ALSTP
|b eng
|e pn
|c ALSTP
|d OCLCO
|d CUS
|d OCLCO
|d OCLCF
|d OCLCQ
|d OCLCO
|d OCLCQ
|d IAA
|d OCLCA
|d INT
|d OCLCQ
|d YOU
|d WYU
|d OCLCO
|d OCLCL
|
| 019 |
|
|
|a 1065565461
|a 1328950811
|a 1418770088
|
| 035 |
|
|
|a (OCoLC)877884311
|z (OCoLC)1065565461
|z (OCoLC)1328950811
|z (OCoLC)1418770088
|
| 049 |
|
|
|a TXAM
|
| 100 |
1 |
|
|a Massenet, Jules,
|d 1842-1912,
|e composer.
|1 https://id.oclc.org/worldcat/entity/E39PBJdh3PTxc4KD94FCyrhWDq
|
| 240 |
1 |
0 |
|a Werther.
|p Pourquoi me réveiller
|
| 245 |
1 |
0 |
|a Werther. Pourquoi me reveiller /
|c Jules Massenet.
|
| 260 |
|
|
|a Berlin, Germany :
|b C Major Entertainment,
|c 2005.
|
| 300 |
|
|
|a 1 online resource (4 min.).
|
| 306 |
|
|
|a 000316
|
| 336 |
|
|
|a two-dimensional moving image
|b tdi
|2 rdacontent
|
| 337 |
|
|
|a computer
|b c
|2 rdamedia
|
| 338 |
|
|
|a online resource
|b cr
|2 rdacarrier
|
| 344 |
|
|
|a digital
|2 rda
|
| 347 |
|
|
|a streaming video file
|2 rda
|
| 380 |
|
|
|a Videorecording
|
| 490 |
0 |
|
|a Classical Music in Video
|
| 500 |
|
|
|a Title from resource description page (viewed Feb. 21, 2014).
|
| 500 |
|
|
|a Originally part of Berlin opera night 2005 : from the Deutsche Oper Berlin : conducted by Lawrence Foster.
|
| 511 |
0 |
|
|a Marcelo Alvarez ; Orchestra of the Deutsche Oper Berlin ; Lawrence Foster, conductor.
|
| 518 |
|
|
|a Recorded 2005, Deutsche Oper Berlin.
|
| 520 |
|
|
|a Each year, the traditional Festive Opera Gala combines real musical delight and the joy of charity. The gala, which is organized for the benefit of the German AIDS-Fund, has for years been one of the social highlights on the German agenda. The soloists of the 2005 Gala are Lucia Aliberti, Marcelo Alvarez, Lado Ataneli, Maria Guleghina, Michaela Kaune and Anatoli Kotscherga.
|
| 650 |
|
0 |
|a Operas
|v Excerpts.
|
| 650 |
|
6 |
|a Opéras
|v Extraits.
|
| 650 |
|
7 |
|a Operas
|x Excerpts.
|2 fast
|0 (OCoLC)fst01046203
|
| 655 |
|
4 |
|a Streaming videos.
|
| 655 |
|
7 |
|a Filmed performances.
|2 fast
|0 (OCoLC)fst01726178
|
| 655 |
|
7 |
|a Nonfiction films.
|2 fast
|0 (OCoLC)fst01710269
|
| 655 |
|
7 |
|a Filmed performances.
|2 lcgft
|
| 655 |
|
7 |
|a Nonfiction films.
|2 lcgft
|
| 655 |
|
7 |
|a Spectacles filmés.
|2 rvmgf
|
| 655 |
|
7 |
|a Films autres que de fiction.
|2 rvmgf
|
| 700 |
1 |
|
|a Foster, Lawrence,
|d 1941-
|e conductor.
|4 cnd
|1 https://id.oclc.org/worldcat/entity/E39PBJdWRYCPgD9VgwKXpjqRKd
|
| 700 |
1 |
|
|a Álvarez, Marcelo,
|d 1962-
|e performer.
|4 prf
|1 https://id.oclc.org/worldcat/entity/E39PBJqk6TQHPXCJCbXPPF7bVC
|
| 710 |
2 |
|
|a Deutsche Oper Berlin.
|b Orchester,
|e performer.
|4 prf
|
| 758 |
|
|
|i has work:
|a Pourquoi me réveiller Werther (MovingImage)
|1 https://id.oclc.org/worldcat/entity/E39PCH6jKRMFKqqXjjkW4vRCXq
|4 https://id.oclc.org/worldcat/ontology/hasWork
|
| 773 |
0 |
|
|t Berlin Opera Night 2005
|
| 776 |
0 |
8 |
|i Print version:
|a Massenet, Jules, 1842-1912.
|s Werther. Pourquoi me réveiller.
|t Werther. Pourquoi me reveiller.
|d Berlin, Germany : C Major Entertainment, 2005 publisher catalog number
|o 8020
|
| 856 |
4 |
0 |
|u http://proxy.library.tamu.edu/login?url=https://www.aspresolver.com/aspresolver.asp?AVN2;2093358
|z Connect to this streaming video (Alexander Street Press)
|t 0
|
| 955 |
|
|
|a Alexander Street Press subscription streaming video
|
| 994 |
|
|
|a 92
|b TXA
|
| 999 |
f |
f |
|s 493508de-9284-4e8c-8f7d-3921c0e048c8
|i b974a6d8-503e-41f6-b26d-b588606d7a2a
|t 0
|
| 952 |
f |
f |
|a Texas A&M University
|b College Station
|c Electronic Resources
|d Available Online
|t 0
|h Library of Congress classification
|
| 998 |
f |
f |
|t 0
|l Available Online
|